Europäische Länder mit einem einzigen Hinweis - Statistiken

Allgemein
  • Dieses Quiz wurde 366 mal gespielt
  • Das Durchschnittsergebnis liegt bei 11 aus 20
Antwortstatistiken
Hinweis europäisches Land % Korrekt
kleinstes Land der Welt Vatikan
98%
Sitz der EU Belgien
88%
nördlichstes Land ohne den russischen Teil Norwegen
88%
ist zwischen Österreich und der Schweiz (Vaduz ist die Hauptstadt) Liechtenstein
87%
Land mit den meisten Einwohner ohne den russischen Teil Deutschland
83%
grösstes europäisches Land ohne den russischen Teil und ohne Grönland Ukraine
82%
Haupstadt des Landes heisst Tirana Albanien
77%
hatte im Jahr 2018 am meisten Touristen der Welt Frankreich
63%
Land mit der grössten Hauptstadt in Europa Russland
61%
Land mit den meisten Inseln Schweden
57%
Land mit den meisten Amtssprachen in Europa Schweiz
51%
kleinstes Land der damaligen Sowjetunion Estland
49%
hat die höchste Bevölkerungsdichte der Welt Monaco
47%
Land mit dem besten Bildungssystem der Welt Finnland
45%
hat das höchste Gebäude in Europa ohne dem russischen Teil Vereinigtes Königreich
31%
Land mit dem höchsten BIP pro Kopf in der Top 3 (2019) Luxemburg / Schweiz / Irland
28%
Land in dem die Leute prozentual am meisten Sprachen flüssig sprechen können Luxemburg
17%
grösstes Land mit max. 1 Nachbarland ohne Grönland Island
16%
Land in der Top 5 des schnellsten Internets auf der Welt Schweden / Schweiz
16%
grösstes Land der Welt ohne Flughafen Andorra
14%
Keine übereinstimmenden Quizze gefunden
Verteilung der Resultate
Anzahl Personen mit jedem Resultat
Perzentil nach korrekt beantworteten Fragen
Ihre Resultats-Entwicklung
Sie haben dieses Quiz noch nicht gespielt